000 00312nam a2200133Ia 4500
008 240624s9999 xx 000 0 und d
041 _aeng
082 _a891.43 JOS
100 _aJOSHI SHARAD
245 _aNAVAKA KE TIRA
260 _c1996
_aNew Delhi
_bKitabghar Prakashan
300 _a262 : p.
365 _cRS
999 _c17159
_d17159